Compesation Management (Record no. 6042)

MARC details
000 -LEADER
fixed length control field 00453nam a22001457a 4500
008 - FIXED-LENGTH DATA ELEMENTS--GENERAL INFORMATION
fixed length control field 180227b xxu||||| |||| 00| 0 eng d
020 ## - INTERNATIONAL STANDARD BOOK NUMBER
International Standard Book Number 0-19-569837-1
082 ## - DEWEY DECIMAL CLASSIFICATION NUMBER
Classification number 658 BHA
100 ## - MAIN ENTRY--PERSONAL NAME
Personal name Bhattacharyya Kumar Dipak
245 ## - TITLE STATEMENT
Title Compesation Management
Statement of responsibility, etc. Dipak Kumar Bhattacharyya
Medium English
260 ## - PUBLICATION, DISTRIBUTION, ETC. (IMPRINT)
Place of publication, distribution, etc. New Delhi
Name of publisher, distributor, etc. Oxford University Press
Date of publication, distribution, etc. 2009
300 ## - PHYSICAL DESCRIPTION
Extent 448P
Other physical details Ili charts and tables
Dimensions 24cm
650 ## - SUBJECT ADDED ENTRY--TOPICAL TERM
Source of heading or term Compensatiom Management
942 ## - ADDED ENTRY ELEMENTS (KOHA)
Source of classification or shelving scheme Dewey Decimal Classification
Koha item type BOOKS

No items available.

IRDP © 2021 :: Managed by ICT Team